000 00308nam a22001337a 4500
008 170609b xxu||||| |||| 00| 0 eng d
020 _ax000p43bsp
041 _aeng
080 _a32
100 _a19
101 _aSHP
245 _aESSENTIALS OF THE AMERICAN CONSTITUTION
_cSHELDON, CH.H
942 _2udc
_cBK
999 _c16803
_d16803